000 00540nam a2200193 i 4500
001 bgj
245 0 0 _aCollins Cobuild English Usage :
_bfor learners /
_ceditor John Sinclair.
260 _aGlasgow :
_bHarper Collins Publishers,
_c2004.
300 _a1 CD-ROM.
650 9 _aEnglish language
_xUsage
650 9 _aEnglish language
_xStyle
650 9 _aComputer programs
655 _aDictionaries
700 1 _aSINCLAIR, John.
_eeditor
040 _cBPK
041 0 _aeng
942 _cCD
008 s uk f |000 0 eng
999 _c49302
_d49302
856 _uhttp://koha.tu.koszalin.pl/cgi-bin/koha/opac-detail.pl?biblionumber=49302
_yKatalog online BPK